[Event "Valasska Bystrice op"]
[Site "Valasska Bystrice"]
[Date "2023.09.11"]
[Round "4"]
[White "Lys, Josef"]
[Black "Bares, Jachym"]
[Result "1/2-1/2"]
[WhiteElo "2111"]
[BlackElo "2087"]
[PlyCount "57"]
[EventDate "2023.09.09"]
[EventType "swiss"]
[EventRounds "9"]
[EventCountry "CZE"]
[SourceTitle "EXT 2024"]
[Source "ChessBase"]
[SourceDate "2023.10.10"]
[SourceVersion "1"]
[SourceVersionDate "2023.10.10"]
[SourceQuality "1"]

1. d4 Nf6 2. c4 c5 3. e3 cxd4 4. exd4 d5 5. Nc3 g6 6. Qb3 Bg7 7. cxd5 0-0 8. Nf3 Nbd7 9. Bg5 Nb6 10. Bxf6 Bxf6 11. Be2 e6 12. dxe6 Bxe6 13. Qc2 Bf5 14. Qd2 Rc8 15. 0-0 Nc4 16. Bxc4 Rxc4 17. b3 Rc6 18. h3 Qa5 19. Ne4 Qxd2 20. Nxf6+ Rxf6 21. Nxd2 Rd8 22. Nc4 Rxd4 23. Rfd1 Rxd1+ 24. Rxd1 Ra6 25. Rd2 Be6 26. Nd6 Rb6 27. Ne4 h6 28. Nc5 Kg7 29. Nxe6+ 1/2-1/2

[Event "Valasska Bystrice op"]
[Site "Valasska Bystrice"]
[Date "2023.09.10"]
[Round "2"]
[White "Brousek, Jiri"]
[Black "Bares, Jachym"]
[Result "0-1"]
[WhiteElo "1817"]
[BlackElo "2087"]
[PlyCount "48"]
[EventDate "2023.09.09"]
[EventType "swiss"]
[EventRounds "9"]
[EventCountry "CZE"]
[SourceTitle "EXT 2024"]
[Source "ChessBase"]
[SourceDate "2023.10.10"]
[SourceVersion "1"]
[SourceVersionDate "2023.10.10"]
[SourceQuality "1"]

1. d4 Nf6 2. Nf3 c5 3. e3 d5 4. c4 cxd4 5. exd4 g6 6. Nc3 Bg7 7. Bf4 0-0 8. Bd3 dxc4 9. Bxc4 Qb6 10. Qb3 Qxb3 11. Bxb3 Nc6 12. h3 Na5 13. Bc2 Be6 14. 0-0-0 Nd5 15. Nxd5 Bxd5 16. Kb1 Rac8 17. b3 Nc6 18. Be3 Nb4 19. Ne1 Nxc2 20. Nxc2 Bxg2 21. Rhg1 Bxh3 22. Kb2 Rfd8 23. Nb4 a5 24. Nd3 Bxd4+ 0-1

[Event "CZE-chT2E 2223"]
[Site "Czech Republic"]
[Date "2022.11.20"]
[Round "3.8"]
[White "Bares, Jachym"]
[Black "Molik, Jakub"]
[Result "1-0"]
[WhiteElo "2097"]
[BlackElo "1271"]
[PlyCount "43"]
[EventDate "2022.10.16"]
[EventType "team-tourn"]
[EventRounds "11"]
[EventCountry "CZE"]
[SourceTitle "EXT 2024"]
[Source "ChessBase"]
[SourceDate "2023.10.10"]
[SourceVersion "1"]
[SourceVersionDate "2023.10.10"]
[SourceQuality "1"]
[WhiteTeam "Grygov"]
[BlackTeam "Znojmo"]
[WhiteTeamCountry "CZE"]
[BlackTeamCountry "CZE"]

1. e4 c5 2. Nf3 d6 3. d4 cxd4 4. Nxd4 Nf6 5. Nc3 g6 6. Be3 Bg7 7. f3 0-0 8. Bc4 Nc6 9. Qd2 Nd7 10. 0-0-0 a6 11. h4 Nce5 12. Bb3 Nc5 13. Bh6 Nxb3+ 14. axb3 Qc7 15. Nd5 Qd8 16. h5 a5 17. hxg6 fxg6 18. Bxg7 Kxg7 19. Qh6+ Kf7 20. f4 Ng4 21. Qxh7+ Ke8 22. Qxg6+ 1-0

[Event "Valasska Bystrice op 13th"]
[Site "Valasska Bystrice"]
[Date "2022.09.17"]
[Round "9"]
[White "Kapusta, Petr"]
[Black "Bares, Jachym"]
[Result "0-1"]
[WhiteElo "2130"]
[BlackElo "2103"]
[PlyCount "68"]
[EventDate "2022.09.10"]
[EventType "swiss"]
[EventRounds "9"]
[EventCountry "CZE"]
[SourceTitle "CBM 210 Extra"]
[Source "ChessBase"]
[SourceDate "2022.11.30"]
[SourceVersion "1"]
[SourceVersionDate "2022.11.30"]
[SourceQuality "1"]

1. e4 c5 2. b3 Nf6 3. e5 Nd5 4. Bb2 Nc6 5. Nf3 Nc7 6. Bc4 Ne6 7. Nc3 g6 8. Ne4 b6 9. Nfg5 Bg7 10. Nxf7 Kxf7 11. Qf3+ Ke8 12. Bxe6 Rf8 13. Qh3 dxe6 14. Qxh7 Bxe5 15. Qxg6+ Kd7 16. Bxe5 Nxe5 17. Qg3 Qc7 18. 0-0-0 Bb7 19. d4 Bxe4 20. dxe5+ Kc8 21. f4 Kb7 22. Qg4 Rg8 23. Qxe6 Rxg2 24. Rhe1 Rxc2+ 25. Kb1 Rd2+ 26. Kc1 Rc2+ 27. Kb1 Rd2+ 28. Kc1 Rxd1+ 29. Rxd1 Rd8 30. Re1 Bd5 31. Qg6 c4 32. b4 c3 33. Rd1 Qc4 34. Qg3 Qxa2 0-1

[Event "Valasska Bystrice op 13th"]
[Site "Valasska Bystrice"]
[Date "2022.09.16"]
[Round "8"]
[White "Juracak, David"]
[Black "Bares, Jachym"]
[Result "0-1"]
[WhiteElo "1708"]
[BlackElo "2103"]
[PlyCount "38"]
[EventDate "2022.09.10"]
[EventType "swiss"]
[EventRounds "9"]
[EventCountry "CZE"]
[SourceTitle "CBM 210 Extra"]
[Source "ChessBase"]
[SourceDate "2022.11.30"]
[SourceVersion "1"]
[SourceVersionDate "2022.11.30"]
[SourceQuality "1"]

1. d4 Nf6 2. c4 c5 3. Nf3 cxd4 4. Nxd4 e5 5. Nb5 d5 6. cxd5 Bc5 7. N5c3 0-0 8. e3 e4 9. Be2 Bf5 10. Nd2 Nbd7 11. Nc4 Nb6 12. Nxb6 Bxb6 13. 0-0 Rc8 14. Qb3 Qe7 15. Rd1 Rfd8 16. Nb5 Qe5 17. d6 Be6 18. Qa4 Ng4 19. Bxg4 Bxg4 0-1

[Event "CZE-ch Juniors FIDE op"]
[Site "Kouty nad Desnou"]
[Date "2020.03.08"]
[Round "2"]
[White "Zamecnik, Jan"]
[Black "Bares, Jachym"]
[Result "0-1"]
[WhiteElo "1850"]
[BlackElo "2119"]
[PlyCount "104"]
[EventDate "2020.03.07"]
[EventType "swiss"]
[EventRounds "7"]
[EventCountry "CZE"]
[SourceTitle "CBM 195 Extra"]
[Source "ChessBase"]
[SourceDate "2020.05.31"]
[SourceVersion "1"]
[SourceVersionDate "2020.05.31"]
[SourceQuality "1"]

1. d4 Nf6 2. Nf3 c5 3. c3 e6 4. g3 cxd4 5. cxd4 d5 6. Bg2 Bd6 7. 0-0 0-0 8. Nc3 Bd7 9. Qb3 Qb6 10. Qxb6 axb6 11. Bf4 Bxf4 12. gxf4 Rc8 13. Ne5 Nc6 14. Rfd1 Be8 15. f5 Nxe5 16. dxe5 Nd7 17. fxe6 fxe6 18. e4 Bh5 19. Rd4 Rc4 20. Rxc4 dxc4 21. f4 Nc5 22. f5 Re8 23. Bf1 Nd3 24. b3 Nxe5 25. bxc4 exf5 26. exf5 Nf3+ 27. Kf2 Nxh2 28. Bg2 Ng4+ 29. Kg1 Bf7 30. Bxb7 Bxc4 31. Rb1 b5 32. Nxb5 Bxa2 33. Ra1 Bf7 34. Nd6 Rd8 35. Ra8 Rxa8 36. Bxa8 Bb3 37. Be4 Kf8 38. Nb5 Ke7 39. Nd4 Ba2 40. Kg2 Kf6 41. Kg3 Ne3 42. Kf4 Nd5+ 43. Kf3 Nc3 44. Bc2 Bd5+ 45. Kf4 Bb7 46. Ne6 Nd5+ 47. Kg3 Ne3 48. Bb1 h6 49. Nc5 Bc8 50. Ne4+ Ke5 51. f6 gxf6 52. Kf3 Nc4 0-1

[Event "CZE-ch Juniors FIDE op"]
[Site "Kouty nad Desnou"]
[Date "2020.03.07"]
[Round "1"]
[White "Bares, Jachym"]
[Black "Kosut, Tomas"]
[Result "1-0"]
[WhiteElo "2119"]
[BlackElo "1878"]
[PlyCount "97"]
[EventDate "2020.03.07"]
[EventType "swiss"]
[EventRounds "7"]
[EventCountry "CZE"]
[SourceTitle "CBM 195 Extra"]
[Source "ChessBase"]
[SourceDate "2020.05.31"]
[SourceVersion "1"]
[SourceVersionDate "2020.05.31"]
[SourceQuality "1"]

1. e4 c5 2. Nf3 d6 3. d4 cxd4 4. Nxd4 Nf6 5. Nc3 g6 6. f3 Bg7 7. Be3 Nc6 8. Qd2 0-0 9. Bc4 Bd7 10. Bb3 Nxd4 11. Bxd4 b5 12. 0-0-0 a5 13. Nd5 a4 14. Nxf6+ Bxf6 15. Bd5 Rb8 16. Bxf6 exf6 17. h4 b4 18. h5 g5 19. Kb1 h6 20. f4 Qe7 21. Rhf1 b3 22. cxb3 axb3 23. Qd4 bxa2+ 24. Ka1 Rbd8 25. fxg5 fxg5 26. Rf6 Qe5 27. Rxh6 Bg4 28. Qxe5 dxe5 29. Rf1 Kg7 30. Rb6 Bxh5 31. Kxa2 f6 32. b4 Bf7 33. Rb7 Kg6 34. Bxf7+ Rxf7 35. Rxf7 Kxf7 36. Kb3 Ke6 37. b5 Rd4 38. Rc1 Kd7 39. Rc4 Rd2 40. g4 Rd1 41. Kc2 Rd6 42. Kc3 Rd1 43. b6 Rd6 44. b7 Rb6 45. Rb4 Rxb4 46. Kxb4 Kc7 47. Kc5 Kxb7 48. Kd5 f5 49. exf5 1-0

[Event "Valasska Bystrice op 11th"]
[Site "Valasska Bystrice"]
[Date "2019.09.14"]
[Round "9"]
[White "Bares, Jachym"]
[Black "Sikora, Matous"]
[Result "1-0"]
[WhiteElo "2030"]
[BlackElo "2067"]
[PlyCount "91"]
[EventDate "2019.09.07"]
[EventType "swiss"]
[EventRounds "9"]
[EventCountry "CZE"]
[SourceTitle "EXT 2020"]
[Source "ChessBase"]
[SourceDate "2019.10.17"]
[SourceVersion "1"]
[SourceVersionDate "2019.10.17"]
[SourceQuality "1"]

1. e4 e6 2. d4 d5 3. Nd2 dxe4 4. Nxe4 Nd7 5. Nf3 Ngf6 6. Nxf6+ Nxf6 7. Bd3 b6 8. Bg5 Bb7 9. 0-0 Be7 10. Re1 0-0 11. c3 Rc8 12. Qc2 h6 13. Bh4 c5 14. dxc5 Rxc5 15. Rad1 Qc7 16. Nd4 Rd8 17. Bg3 Qc8 18. Qe2 Bd6 19. Bxd6 Rxd6 20. f3 Bd5 21. b3 Qd8 22. Nb5 Rd7 23. c4 Bb7 24. Nxa7 Qb8 25. Nb5 Rh5 26. g3 Qa8 27. Rf1 Re7 28. Nd6 Bc6 29. Ne4 Nxe4 30. Bxe4 Bxe4 31. Qxe4 Qxe4 32. fxe4 Re5 33. Rfe1 Ra7 34. a4 Kf8 35. Kf2 Ke7 36. Rd4 Rh5 37. Kg2 Re5 38. Red1 f5 39. exf5 exf5 40. Kf3 g5 41. Rd6 Re6 42. Rxe6+ Kxe6 43. Rd5 Ra5 44. Rd8 Re5 45. Rb8 g4+ 46. Kf2 1-0

[Event "Pardubice Czech op-B 30th"]
[Site "Pardubice"]
[Date "2019.07.24"]
[Round "6"]
[White "Bares, Jachym"]
[Black "Malygin, Vladislav"]
[Result "0-1"]
[WhiteElo "2015"]
[BlackElo "1855"]
[PlyCount "86"]
[EventDate "2019.07.19"]
[EventType "swiss"]
[EventRounds "9"]
[EventCountry "CZE"]
[SourceTitle "EXT 2020"]
[Source "ChessBase"]
[SourceDate "2019.10.17"]
[SourceVersion "1"]
[SourceVersionDate "2019.10.17"]
[SourceQuality "1"]

1. e4 e5 2. Nf3 Nc6 3. Bb5 a6 4. Bxc6 dxc6 5. 0-0 Bg4 6. h3 h5 7. d3 Qf6 8. Nbd2 Ne7 9. Nc4 Bxf3 10. Qxf3 Qxf3 11. gxf3 Ng6 12. Be3 0-0-0 13. a4 Bd6 14. Kh2 f5 15. Rg1 Nh4 16. Nxd6+ cxd6 17. Rxg7 f4 18. Bb6 Rdg8 19. Rc7+ Kb8 20. Rd7 Rg6 21. Rd8+ Rxd8 22. Bxd8 Nxf3+ 23. Kh1 Kc8 24. Ba5 Nd4 25. Rg1 Rxg1+ 26. Kxg1 Nxc2 27. Bc3 c5 28. Kf1 Nd4 29. Ke1 Kd7 30. Bxd4 cxd4 31. Kd1 f3 32. Kc2 Kc6 33. Kb3 d5 34. exd5+ Kxd5 35. Kc2 h4 36. b4 b5 37. axb5 axb5 38. Kd2 e4 39. dxe4+ Kxe4 40. Kc2 d3+ 41. Kc3 d2 42. Kc2 d1Q+ 43. Kxd1 Kd3 0-1

[Event "Pardubice op rapid 30th"]
[Site "Pardubice"]
[Date "2019.07.19"]
[Round "8"]
[White "Bares, Jachym"]
[Black "Maiorov, Nikita2222"]
[Result "1-0"]
[WhiteElo "2015"]
[BlackElo "1914"]
[PlyCount "107"]
[EventDate "2019.07.17"]
[EventType "swiss (rapid)"]
[EventRounds "9"]
[EventCountry "CZE"]
[SourceTitle "CBM 191 Extra"]
[Source "ChessBase"]
[SourceDate "2019.09.30"]
[SourceVersion "1"]
[SourceVersionDate "2019.09.30"]
[SourceQuality "1"]

1. e4 c5 2. Nf3 d6 3. d4 cxd4 4. Nxd4 Nf6 5. Nc3 g6 6. Be3 Bg7 7. f3 Nc6 8. Qd2 h5 9. 0-0-0 Bd7 10. Be2 a6 11. Kb1 b5 12. h3 Rc8 13. g4 0-0 14. gxh5 Nxh5 15. Rdg1 Ne5 16. Bh6 Kh7 17. Bxg7 Nxg7 18. f4 Nc4 19. Bxc4 Rxc4 20. f5 e6 21. fxg6+ fxg6 22. h4 Qe7 23. h5 Nxh5 24. Qe2 Be8 25. Nf3 Rc5 26. e5 d5 27. Ng5+ Kh8 28. Qe3 Rf5 29. Nxe6 Qxe6 30. Qxc5 Kg7 31. Nxd5 Bf7 32. Nc3 Qxe5 33. Qxe5+ Rxe5 34. b3 Nf4 35. Kb2 g5 36. a4 Kf6 37. axb5 axb5 38. Rh6+ Bg6 39. Rh8 b4 40. Na4 Re2 41. Rf8+ Kg7 42. Rc8 Ng2 43. Rc1 g4 44. Nc5 Ne3 45. Ne6+ Kf6 46. Nf4 Rh2 47. Rc6+ Kg5 48. Nxg6 g3 49. Ne5 Kf4 50. Nd3+ Kf3 51. Rf6+ Ke2 52. Re1+ Kd2 53. Rg1 g2 54. Rf2# 1-0

[Event "Pardubice op rapid 30th"]
[Site "Pardubice"]
[Date "2019.07.19"]
[Round "9"]
[White "Nikologorsky, Matfei"]
[Black "Bares, Jachym"]
[Result "1-0"]
[WhiteElo "2223"]
[BlackElo "2015"]
[PlyCount "81"]
[EventDate "2019.07.17"]
[EventType "swiss (rapid)"]
[EventRounds "9"]
[EventCountry "CZE"]
[SourceTitle "CBM 191 Extra"]
[Source "ChessBase"]
[SourceDate "2019.09.30"]
[SourceVersion "1"]
[SourceVersionDate "2019.09.30"]
[SourceQuality "1"]

1. e4 e5 2. Nf3 Nc6 3. Bb5 f5 4. d4 fxe4 5. Nxe5 Nxe5 6. dxe5 c6 7. Be2 Qa5+ 8. Bd2 Qxe5 9. Bc3 Qg5 10. 0-0 Nf6 11. f4 Bc5+ 12. Kh1 Qf5 13. b4 Bb6 14. g4 Qd5 15. Nd2 e3+ 16. Bf3 Qd6 17. Qe2 0-0 18. Nc4 Qe7 19. Be5 Qf7 20. Nd6 Qe6 21. c4 Bc7 22. Rad1 a5 23. b5 Bxd6 24. Rxd6 Qe7 25. Rd3 d5 26. g5 Nd7 27. Rxe3 Nxe5 28. Rxe5 Qc7 29. bxc6 dxc4 30. Re7 Qd6 31. cxb7 Bxb7 32. Rxb7 Rae8 33. Qxc4+ Kh8 34. Qc3 Re7 35. Rxe7 Qxe7 36. Re1 Qd6 37. Re4 Rb8 38. Qxa5 h6 39. Qe1 hxg5 40. Re8+ Kh7 41. Qe4+ 1-0

[Event "Pardubice op rapid 30th"]
[Site "Pardubice"]
[Date "2019.07.17"]
[Round "2"]
[White "Bares, Jachym"]
[Black "Mosesov, Danylo"]
[Result "0-1"]
[WhiteElo "2015"]
[BlackElo "2353"]
[PlyCount "56"]
[EventDate "2019.07.17"]
[EventType "swiss (rapid)"]
[EventRounds "9"]
[EventCountry "CZE"]
[SourceTitle "CBM 191 Extra"]
[Source "ChessBase"]
[SourceDate "2019.09.30"]
[SourceVersion "1"]
[SourceVersionDate "2019.09.30"]
[SourceQuality "1"]

1. e4 c5 2. Nf3 d6 3. d4 cxd4 4. Nxd4 Nf6 5. Nc3 a6 6. Be3 Ng4 7. Bc1 Nf6 8. Be3 e6 9. g4 e5 10. Nf5 h5 11. g5 Nxe4 12. Nxg7+ Bxg7 13. Nxe4 d5 14. Ng3 d4 15. Bd2 Qd5 16. Rg1 Bg4 17. Be2 Nd7 18. Bxg4 hxg4 19. Qxg4 Rxh2 20. Nf5 Bf8 21. g6 fxg6 22. Qxg6+ Qf7 23. Qg3 Rh5 24. Ng7+ Bxg7 25. Qxg7 Qxg7 26. Rxg7 Rh1+ 27. Ke2 Rxa1 28. Bb4 0-0-0 0-1

[Event "CZE-chT2E 1819"]
[Site "Czech Republic"]
[Date "2019.01.13"]
[Round "6.7"]
[White "Babula, Vlastimil1111"]
[Black "Bares, Jachym"]
[Result "0-1"]
[WhiteElo "1865"]
[BlackElo "1985"]
[PlyCount "73"]
[EventDate "2018.10.14"]
[EventType "team-tourn"]
[EventRounds "11"]
[EventCountry "CZE"]
[SourceTitle "EXT 2022"]
[Source "ChessBase"]
[SourceDate "2021.10.06"]
[SourceVersion "1"]
[SourceVersionDate "2021.10.06"]
[SourceQuality "1"]
[WhiteTeam "Stare Mesto II"]
[BlackTeam "Grygov"]
[WhiteTeamCountry "CZE"]
[BlackTeamCountry "CZE"]

1. e4 e5 2. Nf3 Nc6 3. Bc4 Nf6 4. d3 Be7 5. c3 d5 6. exd5 Nxd5 7. 0-0 0-0 8. Re1 Bg4 9. h3 Bh5 10. Nbd2 Nb6 11. Bb5 f6 12. Qe2 Re8 13. Nc4 Nd5 14. Ba4 Kh8 15. Bb3 b5 16. Ncd2 Nf4 17. Qe4 Na5 18. d4 Bg6 19. Qe3 Nxb3 20. Nxb3 Nd3 21. Rf1 Nxc1 22. Raxc1 e4 23. Nfd2 f5 24. Qe2 Bg5 25. Qxb5 Rb8 26. Qa6 e3 27. fxe3 Rb6 28. Qxa7 Bxe3+ 29. Kh1 Bh5 30. Rfe1 Qd5 31. c4 Qc6 32. d5 Qh6 33. c5 Rg6 34. Nf1 Bf3 35. Nxe3 Qxh3+ 36. Kg1 Rxg2+ 37. Kf1 0-1

[Event "Kouty nad Desnou rapid op"]
[Site "Kouty nad Desnou"]
[Date "2018.12.15"]
[Round "5"]
[White "Bares, Jachym"]
[Black "Velicka, Petr"]
[Result "0-1"]
[WhiteElo "1991"]
[BlackElo "2434"]
[PlyCount "90"]
[EventDate "2018.12.15"]
[EventType "swiss (rapid)"]
[EventRounds "9"]
[EventCountry "CZE"]
[SourceTitle "CBM 188 Extra"]
[Source "ChessBase"]
[SourceDate "2019.02.26"]
[SourceVersion "1"]
[SourceVersionDate "2019.02.26"]
[SourceQuality "1"]

1. e4 c6 2. Nf3 d5 3. Nc3 Bg4 4. h3 Bxf3 5. Qxf3 Nf6 6. exd5 cxd5 7. d4 Nc6 8. Be3 e6 9. Bd3 Be7 10. Ne2 Qb6 11. b3 Nb4 12. Bd2 Nxd3+ 13. Qxd3 0-0 14. 0-0 Rac8 15. c4 Qa6 16. Rfc1 Rfd8 17. Be3 Rc6 18. Nf4 dxc4 19. Rxc4 Bd6 20. Rxc6 Qxc6 21. Rc1 Qd7 22. Qc4 Bxf4 23. Bxf4 Nd5 24. Bg5 Re8 25. Qc5 h6 26. Bd2 b6 27. Qc6 Qxc6 28. Rxc6 Kf8 29. Kf1 Ke7 30. Ke2 Kd7 31. Rc2 h5 32. Kd3 Rc8 33. Rxc8 Kxc8 34. Ke4 Kd7 35. g4 hxg4 36. hxg4 Kd6 37. f4 Nf6+ 38. Kf3 Kd5 39. Be3 g6 40. a4 Ne4 41. f5 exf5 42. gxf5 gxf5 43. Kf4 Ke6 44. Bg1 Nf6 45. b4 Nd5+ 0-1

[Event "Pardubice Czech op-B 29th"]
[Site "Pardubice"]
[Date "2018.07.21"]
[Round "2"]
[White "Gabr, Mohsen"]
[Black "Bares, Jachym"]
[Result "1-0"]
[WhiteElo "2287"]
[BlackElo "1986"]
[PlyCount "169"]
[EventDate "2018.07.20"]
[EventType "swiss"]
[EventRounds "9"]
[EventCountry "CZE"]
[SourceTitle "CBM 186 Extra"]
[Source "ChessBase"]
[SourceDate "2018.08.24"]
[SourceVersion "1"]
[SourceVersionDate "2018.08.24"]
[SourceQuality "1"]

1. Nf3 d5 2. g3 c6 3. Bg2 Nf6 4. 0-0 Nbd7 5. d4 e6 6. Nbd2 Bd6 7. c4 0-0 8. b3 e5 9. dxe5 Nxe5 10. cxd5 Nxd5 11. Bb2 Re8 12. Qc2 Qe7 13. Rad1 Nb4 14. Qb1 Bg4 15. a3 Nd5 16. Qa2 f6 17. h3 Bh5 18. Ne4 Bc7 19. Nc3 Nxf3+ 20. Bxf3 Bxf3 21. exf3 Nxc3 22. Bxc3 Rad8 23. Kg2 Bb6 24. Qb2 Rxd1 25. Rxd1 Qe2 26. Rd2 Qe6 27. b4 Qc4 28. Rc2 Qd5 29. h4 Qf5 30. a4 Rd8 31. Rd2 Rd3 32. Rxd3 Qxd3 33. b5 cxb5 34. axb5 Qd5 35. Qe2 Kf7 36. Bb4 Bc5 37. Ba5 Qe6 38. Qc2 Bb6 39. Bb4 h6 40. Qd3 Kg8 41. Bd2 f5 42. Kf1 Bc5 43. Bc3 Qb3 44. Kg2 Bb6 45. Qd2 Qxb5 46. Qa2+ Kf8 47. Qe6 Qc5 48. Be1 a5 49. Qb3 Qd4 50. Kh3 a4 51. Qc2 Qd7 52. Qc4 Bd8 53. g4 Be7 54. Bc3 b5 55. Qf4 Bd6 56. Qd4 fxg4+ 57. fxg4 Qe7 58. g5 Qe6+ 59. Kg2 Qe7 60. gxh6 gxh6 61. Qh8+ Kf7 62. Qg7+ Ke8 63. Qg6+ Kd7 64. Qf5+ Kc6 65. Qc8+ Kd5 66. Qf5+ Kc4 67. Bf6 Qe2 68. Qc8+ Bc5 69. Qg8+ Kb4 70. Qg3 Qxf2+ 71. Qxf2 Bxf2 72. Kxf2 h5 73. Ke3 Kb3 74. Kd2 b4 75. Be7 Kc4 76. Kc2 a3 77. Bf8 b3+ 78. Kb1 a2+ 79. Kb2 Kb5 80. Bg7 Kb4 81. Bf6 Ka4 82. Bc3 a1Q+ 83. Kxa1 Kb5 84. Kb2 Kc4 85. Be1 1-0